banner-ar

وقاية المبانى من الحريق واجراءات السلامة / (Record no. 49898)

MARC details
000 -الفاتح
حقل البيانات ثابتة الطول 00694nam a2200205Ia 4500
008 - عناصر البيانات ثابتة الطول - معلومات عامة
حقل البيانات ثابتة الطول 140319s9999 xx 000 0 ara d
040 ## - مصدر الفهرسة
وكالة الفهرسة الأصلية GCL /
وكالة النسخ GCL
082 04 - رقم تصنيف ديوى العشرى
رقم التصنيف 690.24
رقم المادة ع و
100 1# - المدخل الرئيسى - إسم شخصى
الإسم الشخصى عماد محمد عدنان تنبكجى
245 10 - بيان العنوان
العنوان وقاية المبانى من الحريق واجراءات السلامة /
بيان المسئوليه,etc عماد محمد عدنان تنبكجى
300 ## - الوصف المادى
التعداد 100 ص
490 ## - بيان السلسلة
عنوان السلسلة مختصر العلوم الهندسية
رقم المجلد/ التعيين التسلسلي 0
650 04 - المدخل الاضافى بالموضوع-مصطلح موضوعى
مصطلح موضوعي المبانى
650 04 - المدخل الاضافى بالموضوع-مصطلح موضوعى
مصطلح موضوعي المنشأت الخرسانية
650 04 - المدخل الاضافى بالموضوع-مصطلح موضوعى
مصطلح موضوعي الحرائق
650 04 - المدخل الاضافى بالموضوع-مصطلح موضوعى
مصطلح موضوعي الوقاية من الحريق
650 04 - المدخل الاضافى بالموضوع-مصطلح موضوعى
مصطلح موضوعي الاصلاح والتجديد
942 ## - عناصر المدخل الإضافي( كوها)
مصدر التصنيف او مخطط الترفيف Dewey Decimal Classification
Koha [default] item type كتاب
Holdings
حالة التراجع حالة الفقد حالة تلف ليس للاعارة المكان المؤقت الموقع الحالى تاريخ الاكتساب اجمالي اﻻعارات رقم الطلب الباركود تاريخ اخر مشاهدة تاريخ تفعيل السعر نوع وعاء كوها
        مكتبة القاهرة الكبرى مكتبة القاهرة الكبرى 03/26/2014   690.24\ع و 119716 03/26/2014 03/26/2014 كتاب

Powered By

EGPV